SERB School on agrometeorological aspects of extreme weather events (Department of Science and Technology, New Delhi), 1-21 May 2013, Central Research Institute for Dryland Agriculture, Hyderabad (Record no. 44872)

MARC details
000 -LEADER
fixed length control field 00828nam a2200229Ia 4500
020 ## - INTERNATIONAL STANDARD BOOK NUMBER
ISBN 9789380883199
082 ## - DEWEY DECIMAL CLASSIFICATION NUMBER
Classification number 551.5:63
Item number RAO
100 ## - MAIN ENTRY--AUTHOR NAME
Personal name RAO, VUM
245 #0 - TITLE STATEMENT
Title SERB School on agrometeorological aspects of extreme weather events (Department of Science and Technology, New Delhi), 1-21 May 2013, Central Research Institute for Dryland Agriculture, Hyderabad
260 ## - PUBLICATION, DISTRIBUTION, ETC. (IMPRINT)
Place of publication Hyderabad
Name of publisher Central Research Institute for Dryland Agriculture
Year of publication 2013
650 ## - SUBJECT ADDED ENTRY--TOPICAL TERM
Topical Term Agro-climatic analysis
650 ## - SUBJECT ADDED ENTRY--TOPICAL TERM
Topical Term Agrometeorology
650 ## - SUBJECT ADDED ENTRY--TOPICAL TERM
Topical Term Climate change
650 ## - SUBJECT ADDED ENTRY--TOPICAL TERM
Topical Term Climatic risk management
650 ## - SUBJECT ADDED ENTRY--TOPICAL TERM
Topical Term Crop health monitoring
650 ## - SUBJECT ADDED ENTRY--TOPICAL TERM
Topical Term Drought management
650 ## - SUBJECT ADDED ENTRY--TOPICAL TERM
Topical Term Plantation crops
650 ## - SUBJECT ADDED ENTRY--TOPICAL TERM
Topical Term Remote sensing
650 ## - SUBJECT ADDED ENTRY--TOPICAL TERM
Topical Term Tsunami warning system
942 ## - ADDED ENTRY ELEMENTS (KOHA)
Koha item type Books
Holdings
Withdrawn status Lost status Damaged status Not for loan Home library Current library Date acquired Source of acquisition Full call number Accession Number Koha item type
        RRII Library RRII Library 16/12/2021 Gift 551.5:63 RAO G01615 Books